00732nam a2200205Ia 4500001002700000003000900027008004100036040002300077041001300100100002100113240004400134245004100178250001500219260003800234300001900272490002200291500005400313501012400367700003500491242.094 4-DEV ra sc (6279)IT-MiSPE171229s9999||||xx |||||||||||||| ||und|| aIT-MiSPEcIT-MiSPE aITALIANO aRaymond Deville  aL'école française de spiritualité 0aLa scuola francese di spiritualità a1a ed. (v) aCinisello B.mobEd. Paolinec1990 a215 p. c21 cm aSpiritualitàv2 aSpiritualità - Storia; Francia - Spiritualità aEdizioni San Paolo srl - Piazza Soncino, 5 - 20092 CINISELLO BALSAMO (MI) (non commercial uses only) ® Copyright 2018 aGiovanni Ferrerog(traduzione)